[Event "CZE-chT2D 2223"]
[Site "Czech Republic"]
[Date "2023.01.22"]
[Round "7.5"]
[White "Janis, Petr"]
[Black "Urbasek, Oleg"]
[Result "1-0"]
[WhiteElo "1952"]
[BlackElo "1962"]
[PlyCount "71"]
[EventDate "2022.10.16"]
[EventType "team-tourn"]
[EventRounds "11"]
[EventCountry "CZE"]
[SourceTitle "EXT 2024"]
[Source "ChessBase"]
[SourceDate "2023.10.10"]
[SourceVersion "1"]
[SourceVersionDate "2023.10.10"]
[SourceQuality "1"]
[WhiteTeam "Usti nad Orlici"]
[BlackTeam "Zabreh"]
[WhiteTeamCountry "CZE"]
[BlackTeamCountry "CZE"]

1. e4 e6 2. d4 d5 3. Nd2 c5 4. Ngf3 Nc6 5. exd5 exd5 6. Bb5 Qe7+ 7. Be2 Be6 8. 0-0 Qc7 9. Re1 Nf6 10. c4 cxd4 11. cxd5 Nxd5 12. Bc4 0-0-0 13. Nb3 Bb4 14. Bd2 Bxd2 15. Qxd2 Nf4 16. Rac1 Bxc4 17. Rxc4 Ne6 18. Na5 Kb8 19. Nxc6+ bxc6 20. Ne5 c5 21. b4 Rd5 22. Nd3 Ka8 23. Qe2 Rhd8 24. Rec1 Nf4 25. Qf3 Nxd3 26. Qxd3 Qe5 27. bxc5 f5 28. c6 Rb5 29. h3 Rbd5 30. R4c2 Rb5 31. a4 Ra5 32. Rc4 Rad5 33. Rb4 Ra5 34. c7 Rc8 35. Qc4 Qd5 36. Rb8+ 1-0

[Event "CZE-chT2D 1415"]
[Site "Czech Republic"]
[Date "2015.04.19"]
[Round "11.5"]
[White "Urbasek, Oleg"]
[Black "Sykora, Josef"]
[Result "1/2-1/2"]
[WhiteElo "2060"]
[BlackElo "2117"]
[PlyCount "22"]
[EventDate "2014.11.02"]
[EventType "team-tourn"]
[EventRounds "11"]
[EventCountry "CZE"]
[SourceTitle "EXT 2022"]
[Source "ChessBase"]
[SourceDate "2021.10.06"]
[SourceVersion "1"]
[SourceVersionDate "2021.10.06"]
[SourceQuality "1"]
[WhiteTeam "Zabreh"]
[BlackTeam "Pardubice AKIS"]
[WhiteTeamCountry "CZE"]
[BlackTeamCountry "CZE"]

1. e4 e6 2. d4 d5 3. exd5 exd5 4. Nf3 Bd6 5. Be2 Ne7 6. Bg5 0-0 7. 0-0 c6 8. Re1 Qc7 9. Nbd2 Be6 10. c3 Ng6 11. Nf1 Nd7 1/2-1/2